| 000 | 00533nam a2200181Ia 4500 | ||
|---|---|---|---|
| 008 | 090124s9999 xx 000 0 und d | ||
| 082 | _b32569 | ||
| 100 | _aमाडगूळकर ग. दि. | ||
| 245 | _a जोगिया | ||
| 250 | _a5 | ||
| 260 |
_bकुलकर्णी ग्रंथागार _c168 |
||
| 300 | _a168 | ||
| 600 | _aमाडगूळकर ग. दि. | ||
| 630 | _a जोगिया | ||
| 700 | _aमाडगूळकर ग. दि. | ||
| 730 | _a जोगिया | ||
| 942 | _cBOOK | ||
| 999 |
_c98565 _d98565 |
||